Statistics for Yangon International Airport Destinations (Yangon, Myanmar)

Click here to take the quiz!

General Stats

  • This quiz has been taken 16 times
    (4 since last reset)
  • The average score is 29 of 51

Answer Stats

AirlineDestination% Correct
Myanmar Airways International/Thai AirAsiaBangkok (Don Mueang)
100%
Myanmar Airways International/Myanmar National Airlines/Thai Airways InternationalBangkok (Suvarnabhumi)
100%
Air ChinaBeijing (Capital)
100%
Air India/Myanmar Airways InternationalDelhi
100%
Myanmar Airways InternationalDhaka
100%
China Southern Airlines/Myanmar Airways InternationalGuangzhou
100%
Myanmar Airways International/Vietnam AirlinesHanoi
100%
Myanmar Airways International/Vietnam AirlinesHo Chi Minh City
100%
IndiGo/Myanmar Airways InternationalKolkata
100%
AirAsia/Malaysia Airlines/Myanmar Airways InternationalKuala Lumpur (International)
100%
China Eastern AirlinesKunming
100%
Myanmar Airways InternationalPhuket
100%
Korean Air/Myanmar Airways InternationalSeoul (Incheon)
100%
China Eastern AirlinesShanghai (Pudong)
100%
Myanmar Airways International/Myanmar National Airlines/Singapore AirlinesSingapore
100%
China Airlines/Myanmar Airways InternationalTaipei (Taoyuan)
100%
XiamenAirXiamen
100%
Myanmar Airways International/Myanmar National AirlinesChiang Mai
75%
Myanmar Airways InternationalDoha
75%
Myanmar Airways InternationalDubai (International)
75%
Air ThanIwin/Mann Yatanarpon Airlines/Mingalar Aviation Services/Myanmar Airways International/Myanmar National AirlinesMandalay
75%
Mingalar Aviation Services/Myanmar National AirlinesNaypyidaw
75%
Myanmar Airways InternationalPhnom Penh
75%
Myanmar Airways InternationalChennai
50%
Air ThanIwin/Mingalar Aviation Services/Myanmar National AirlinesDawei
50%
Myanmar Airways InternationalHangzhou
50%
Air ThanIwin/Myanmar National AirlinesMawlamyine
50%
Air ThanIwin/Mann Yatanarpon Airlines/Mingalar Aviation Services/Myanmar National AirlinesMyitkyina
50%
Mingalar Aviation Services/Myanmar National AirlinesSittwe
50%
Myanmar Airways InternationalVientiane
50%
Myanmar National AirlinesAnn
25%
Air ThanIwin/Mann Yatanarpon Airlines/Mingalar Aviation Services/Myanmar National AirlinesBagan
25%
Myanmar Airways International/Myanmar National AirlinesGaya
25%
Air ThanIwin/Mann Yatanarpon Airlines/Mingalar Aviation Services/Myanmar National AirlinesHeho
25%
China Eastern AirlinesHohhot
25%
Mingalar Aviation Services/Myanmar National AirlinesKawthaung
25%
Myanmar National AirlinesKhamti
25%
Air ThanIwin/Mann Yatanarpon Airlines/Mingalar Aviation Services/Myanmar National AirlinesKyaing Tong
25%
Myanmar National AirlinesKyaukphyu
25%
Mingalar Aviation Services/Myanmar National AirlinesLashio
25%
Air ThanIwin/Myanmar National AirlinesMyeik
25%
Myanmar Airways InternationalNanjing
25%
Myanmar Airways InternationalNingbo
25%
Myanmar Airways InternationalNovosibirsk
25%
Myanmar National AirlinesPutao
25%
Air ThanIwin/Mann Yatanarpon Airlines/Myanmar National AirlinesTachilek
25%
Mann Yatanarpon Airlines/Mingalar Aviation Services/Myanmar National AirlinesThandwe
25%
Mingalar Aviation ServicesKalaymyo
0%
Myanmar National AirlinesLoikaw
0%
Myanmar National AirlinesMagway
0%
Myanmar National AirlinesPathein
0%

Score Distribution

Percentile by Number Answered

Percent of People with Each Score

Your Score History

You have not taken this quiz since the last reset